Szczegóły MARC21

Kanoniczna ochrona karna małoletnich przed nadużyciami seksualnymi /

003 -Nazwa inst., której nr kontr. jest w polu 001 [,]
    • @
    • Nazwa instytucji, której n kontrolny jest w polu 001
    • NUKAT
005 -DATA I CZAS OSTATNIEJ MODYFIKACJI [,]
    • @
    • pole kontrolne
    • 20260403163354.0
020 -Międzynarod. znormalizowany nr książki - ISBN [ , ]
    • a
    • Numer ISBN
    • 9788362813506 Find
040 -Instytucja sporządzająca opis [ , ]
    • a
    • Instytucja, która sporządziła opis (NP)
    • KR 295/MG
    • c
    • Instytucja, która sporządziła rekord (NP)
    • KR 295/MGs
    • d
    • Instytucja, która zmodyfikowała rekord (P)
    • KR 295/DC
    • d
    • Instytucja, która zmodyfikowała rekord (P)
    • BSTOK U/EWs
    • d
    • Instytucja, która zmodyfikowała rekord (P)
    • KR 307/KMs
942 -Rodzaj dokumentu [ , ]
    • c
    • Rodzaj dokumentu
    • Książka
100 -Hasło główne - nazwa osobowa [1, ]
    • a
    • Nazwa osobowa (NP)
    • Lempa, Florian
    • d
    • Daty biograficzne (NP)
    • (1951-2025).
    • 9
    • KHW
    • 44987
245 -Strefa tytułu i oznaczenia odpowiedzialności [1,0]
    • a
    • Tytuł
    • Kanoniczna ochrona karna małoletnich przed nadużyciami seksualnymi / Find
    • c
    • Pozostałe elementy strefy tytułu i oznaczenia odpowiedzialności (NP)
    • Florian Lempa.
260 -Strefa adresu wydawniczego [ , ]
    • a
    • Miejsce wydania (P)
    • Białystok :
    • b
    • Nazwa wydawcy (P)
    • Temida 2,
    • c
    • Data wydania (P)
    • 2013.
300 -Strefa opisu fizycznego [ , ]
    • a
    • Określenie formy książki i/lub objętość (NP)
    • 263 s. ;
    • c
    • Format (NP)
    • 25 cm.
336 -Typ zawartości [ , ]
    • a
    • Termin opisujący typ zawartości
    • Tekst
    • b
    • Kod określający zawartość
    • txt
    • 2
    • Źródło (terminu i kodu)
    • rdacontent
337 -Typ mediów [ , ]
    • a
    • Tryb odtwarzania
    • Bez urządzenia pośredniczącego
    • b
    • Kod typu mediów
    • n
    • 2
    • Źródło (terminu i kodu)
    • rdamedia
338 -Typ/rodzaj nośnika [ , ]
    • a
    • Hasło opisujące typ nośnika
    • Wolumin
    • b
    • Kod typu nośnika
    • nc
    • 2
    • Źródło (terminu i kodu)
    • rdacarrier
380 -Deskryptor - Forma dzieła (P) [ , ]
    • a
    • forma dzieła (NP)
    • Książki
504 -Uwaga dot. bibliogr. załącznikowej [ , ]
    • a
    • Uwaga dot. bibliografii załącznikowej
    • Bibliogr. s. 249-263.
080 -Uniwersalna Klasyfikacja Dziesiętna [ , ]
    • 2
    • Identyfikator wydania tablic
    • UDC-P058
    • 9
    • UKD
    • 2679
    • a
    • Symbol klasyfikacji
    • 272-74
    • b
    • Dopowiedzenie
    • Prawo kanoniczne Kościoła katolickiego.
080 -Uniwersalna Klasyfikacja Dziesiętna [ , ]
    • 2
    • Identyfikator wydania tablic
    • UDC-P058
    • 9
    • UKD
    • 3484
    • a
    • Symbol klasyfikacji
    • 343.6
    • b
    • Dopowiedzenie
    • Przestępstwa przeciw życiu, zdrowiu i czci. Zabójstwo. Morderstwo. Pobicie. Uszkodzenie ciała. Przestępstwa przeciw dzieciom. Znęcanie się nad dziećmi. Przestępstwa przeciw osobom potrzebującym opieki.
    • 4
    • UKD2
    • 8130
    • x
    • Poddział wspólny
    • -053.2
    • c
    • Dopowiedzenie poddz. wspólnego
    • -Dzieci ogólnie.
610 -Hasło przedmiotowe w formie nazwy ciała zbiorowego [2,7]
    • a
    • Nazwa ciała zbiorowego lub nazwa geograficzna
    • Ecclesia Catholica.
    • b
    • Nazwa jednostki podrzędnej
    • Congregatio de Doctrina Fidei.
    • 2
    • Źródło terminu
    • kaba
    • 9
    • KHW
    • 241057
650 -Hasło przedmiotowe [ ,7]
    • a
    • Hasło przedmiotowe
    • Dziecko seksualnie wykorzystywane
    • 2
    • Źródło terminu
    • DBN
    • 9
    • KHW
    • 727914
650 -Hasło przedmiotowe [ ,7]
    • a
    • Hasło przedmiotowe
    • Ochrona prawna
    • 2
    • Źródło terminu
    • DBN
    • 9
    • KHW
    • 722812
650 -Hasło przedmiotowe [ ,7]
    • a
    • Hasło przedmiotowe
    • Prawa dziecka
    • 2
    • Źródło terminu
    • DBN
    • 9
    • KHW
    • 724680
650 -Hasło przedmiotowe [ ,7]
    • a
    • Hasło przedmiotowe
    • Prawo kanoniczne
    • 2
    • Źródło terminu
    • DBN
    • 9
    • KHW
    • 721666
650 -Hasło przedmiotowe [ ,7]
    • a
    • Hasło przedmiotowe
    • Przestępstwo przeciw wolności seksualnej i obyczajności
    • 2
    • Źródło terminu
    • DBN
    • 9
    • KHW
    • 744325
650 -Hasło przedmiotowe [ ,7]
    • a
    • Hasło przedmiotowe
    • Prawo kanoniczne.
    • 2
    • Źródło terminu
    • kaba
    • 9
    • KHW
    • 125791
650 -Hasło przedmiotowe [ ,7]
    • a
    • Hasło przedmiotowe
    • Przestępstwa seksualne
    • y
    • Określnik chronologiczny
    • 20 w.
    • 2
    • Źródło terminu
    • kaba
    • 9
    • KHW
    • 376538
650 -Hasło przedmiotowe [ ,7]
    • a
    • Hasło przedmiotowe
    • Dzieci
    • x
    • Określnik rzeczowy
    • status prawny (prawo kanoniczne).
    • 2
    • Źródło terminu
    • kaba
    • 9
    • KHW
    • 207759
650 -Hasło przedmiotowe [ ,7]
    • a
    • Hasło przedmiotowe
    • Kary (prawo kanoniczne).
    • 2
    • Źródło terminu
    • kaba
    • 9
    • KHW
    • 158408
658 -Ujęcie treści [ , ]
    • a
    • dziedzina nauki i sztuki/ sfera aktywności życiowej
    • Prawo i wymiar sprawiedliwości
980 -Symbol UKD [ , ]
    • a
    • UKD
    • 272-74:343.6-053.2
710 -Hasło dodatkowe - nazwa ciała zbiorowego [2, ]
    • a
    • Nazwa ciała zbiorowego lub nazwa geograficzna jako pierwszy element (NP)
    • Uniwersytet (Białystok).
    • b
    • Nazwa jednostki podrzędnej (P)
    • Stowarzyszenie Absolwentów Wydziału Prawa.
    • b
    • Nazwa jednostki podrzędnej (P)
    • Wydawnictwo Temida 2.
    • 4
    • Kod relacji
    • pbl
    • 9
    • KHW
    • 53979
856 -Dostęp do wersji elektronicznej [4,8]
856 -Dostęp do wersji elektronicznej [4,1]
    • 3
    • Wyszczególnienie materiału
    • Spis treści
920 -ISBN [ , ]
    • a
    • ISBN
    • 978-83-62813-50-6 Find
Data inwentaryzacji Sygnatura Lokalizacja Numer inwentarzowy Status udost.
2015-04-23SA.23272BSASA.232721